000
00268nam a2200097 a 4500
005
20200930065730.0
008
110719s1981 000 spa d
245
0
_a
V exposición de pintores y escultores dominicanos.
260
_a
Santo Domingo,
_c
1981.
999
_c
32095
_d
32095
040
_a
DO-SdBNP